000 00374pab a2200145 454500
008 180718b1985 xxu||||| |||| 00| 0 eng d
100 _aQuizon,Jaime
245 _aWithdrawal of fertiliser subsidies
_bAn economic appraisal
260 _c1985
300 _aA-117-23
362 _a28 Sept.
650 _aFertilisers
773 _aEconomic and Political Weekly
909 _a8448
999 _c8448
_d8448